00738nac a22001931u 4500082001500000090001500015100003400030245010100064260005600165300003600221440004600257650002000303650001600323700002000339700004800359942001800407999001500425952010400440 a664.3bGUN c8131d8131 a20080729  aOleochemical manufacture and applications /cedited by Frank D. Gunstone and Richard J. Hamilton a Sheffield :bSheffield Academic Press, 2001.c2001 axvi, 325 p. :b ill. ;c 25 cm. aChemistry and technology of oils and fats aOil industries. aOleoresins. aGunstone, F. D. ad 1936-aHamilton, R. J.aq (Richard John), cBBk664.3 GUN c8131d8131 00104070aMAINbMAINc1STd2008-02-24ePurchasel0o664.3 GUNp000009884r2025-07-15 00:00:00yBB